[Event "Rheinland Pfalz op 4th"]
[Site "Altenkirchen"]
[Date "2012.06.08"]
[Round "4"]
[White "Peters, Jan Nicolas"]
[Black "Margenberg, Volker"]
[Result "1/2-1/2"]
[WhiteElo "1421"]
[BlackElo "1901"]
[PlyCount "67"]
[EventDate "2012.06.07"]
[EventType "swiss"]
[EventRounds "7"]
[EventCountry "GER"]
[SourceTitle "CBM 148 Extra"]
[Source "ChessBase"]
[SourceDate "2012.06.22"]
[SourceVersion "1"]
[SourceVersionDate "2012.06.22"]
[SourceQuality "1"]

1. d4 Nf6 2. c4 g6 3. Nf3 Bg7 4. g3 0-0 5. Bg2 d6 6. b3 Nbd7 7. Bb2 c5 8. Nbd2 Ne8 9. 0-0 Rb8 10. Qc2 f5 11. Rfe1 e5 12. dxe5 dxe5 13. Nf1 Qe7 14. Rad1 Nc7 15. N3d2 Nf6 16. Ne3 b6 17. Nb1 e4 18. Rd2 Bb7 19. Red1 Rbd8 20. Nc3 Bh6 21. Rxd8 Rxd8 22. Rxd8+ Qxd8 23. Nf1 Ne6 24. e3 Ng4 25. Qd1 Qxd1 26. Nxd1 Bg7 27. Bxg7 Kxg7 28. Nb2 Ne5 29. Nd2 Nd8 30. Bf1 Kf6 31. h3 Ne6 32. Be2 h6 33. Nd1 a6 34. Nc3 1/2-1/2

[Event "Rheinland Pfalz op 4th"]
[Site "Altenkirchen"]
[Date "2012.06.07"]
[Round "1"]
[White "Besel, Waldemar"]
[Black "Peters, Jan Nicolas"]
[Result "1-0"]
[WhiteElo "2083"]
[BlackElo "1421"]
[PlyCount "31"]
[EventDate "2012.06.07"]
[EventType "swiss"]
[EventRounds "7"]
[EventCountry "GER"]
[SourceTitle "CBM 148 Extra"]
[Source "ChessBase"]
[SourceDate "2012.06.22"]
[SourceVersion "1"]
[SourceVersionDate "2012.06.22"]
[SourceQuality "1"]

1. Nf3 d5 2. d4 Nf6 3. g3 c6 4. Bg2 Bf5 5. 0-0 e6 6. b3 Bd6 7. c4 Nbd7 8. Bb2 0-0 9. Nbd2 Rc8 10. h3 Qc7 11. Nh4 Bg6 12. Nxg6 fxg6 13. Rc1 Rf7 14. e4 Nh5 15. e5 Be7 16. cxd5 1-0